| 000 | 00812nam a2200229Ia 4500 | ||
|---|---|---|---|
| 003 | IEPS | ||
| 005 | 20250703135312.0 | ||
| 008 | 250223s9999||||xx |||||||||||||| ||und|| | ||
| 020 | _a9789957066116 | ||
| 040 | _CIEPS | ||
| 041 | _aara | ||
| 082 | _a153.4 | ||
| 100 | _aشواهين خير سليمان | ||
| 245 | 0 | _aالتفكير و ما وراء التفكير | |
| 245 | 0 | _bاستخدام الخرائط الذهنية و المنظمات البيانية لمنهجة التفكير | |
| 260 |
_aعمان _bدار المسيرة للنشر و التوزيع و الطباعة _c2010 |
||
| 300 |
_a253 ص. _bجداول ، صور ، مخططات _c24 سم. |
||
| 653 | _aالتفكير | ||
| 653 | _aالتفكير الابداعي | ||
| 700 | _aبدندي شهرزاد صالح | ||
| 942 | _cكتاب | ||
| 999 |
_c13095 _d13095 |
||